| 000 | 00713nam a2200265Ia 4500 | ||
|---|---|---|---|
| 008 | 190123s9999 xx 000 0 und d | ||
| 020 | _a9780545646062 | ||
| 050 | _a940.5 | ||
| 050 | _bS217 2013 | ||
| 100 | _aSandler, Martin W. | ||
| 245 | 0 | _aImprisoned : | |
| 245 | 4 | _bthe betrayal of Japanese Americans during World War II / | |
| 245 | 0 | _cby Martin W. Sandler. | |
| 260 | _aNew York, New York : | ||
| 260 | _bScholastic, | ||
| 260 | _c2013 | ||
| 300 | _a178 pages : | ||
| 300 | _bcolored illustrations ; | ||
| 300 | _c25cm. | ||
| 500 | _a1240L | ||
| 650 | _aEvacuation and relocation of Japanes Americans. | ||
| 650 | _aJapanese. | ||
| 650 | _aWorld War (1939-1945). | ||
| 700 | _aTitle. | ||
| 999 |
_c361258 _d361258 |
||